| 000 | 00672cam a2200193 4500 | ||
|---|---|---|---|
| 001 | WB3548-17 | ||
| 008 | 000000n1999 000 0 eng u | ||
| 035 | _a(Sirsi) u103057 | ||
| 245 | _aHow to value a serviced office | ||
| 260 | _c1999 | ||
| 490 |
_aProperty Week _v 64(47), 3 December 1999, 13(1) |
||
| 520 | _aConsiders the issues behind the valuation of serviced offices, such as whether they should be valued as regular offices, or as 'hotels'. | ||
| 590 | _aWB | ||
| 650 | _aSERVICED OFFICES | ||
| 650 | _aPROPERTY-COMMERCIAL PROPERTY-OFFICE PROPERTY-OFFICE PROPERTY MARKET | ||
| 650 | _aVALUATION APPROACH | ||
| 690 | _aRATING AND VALUATION | ||
| 942 | _n0 | ||
| 999 |
_c61929 _d61929 |
||